000 00533nam a2200181 i 4500
001 92053
003 ES-MaACL
005 20230906180904.0
007 t|
008 050329n19001999ua ||||1| fre d
080 _a804.0-3=927
100 1 _aElias, Mitri.
_946968
245 1 0 _aDictionnaire de poche français-arabe /
_cpar Mitri Elias.
260 _aLe Caire :
_bElias' Modern Press,
_c[19-?]
300 _a519 p. ;
_c13 cm.
650 4 _aLengua francesa-
_vDiccionarios-
_xÁrabe.
_914207
852 _aES-MaACL
_jE-10886
_bR.135726
999 _c92053
_d92053